00708 2200241 4500001002100000005001700021008004100038020001800079035002400097082001200121090002400133100002000157245009400177250001100271260003200282300001900314500003800333650002100371700002100392850001200413999002100425999002000446YOGYA-0209000005507520090227033451.0 ind  a979-21-0211-6 0010-020900000055075 a302.222 a302.222bDil DlDEP aDILLISTONE, F.W aDaya kekuatan simbolbthe power of symbolscF.W. Dillistone ; penerjemah, A. Widyamartaya aCet. 1 aYogyakartabKanisisusc2002 a236 hlmc22 cm aJudul asli : The power of simbols aTanda dan simbol aWidyamartaya, A. aYOPDYOG a2002-16h CB-D.11 a2002-16 CB-D.11